Datum a čas kvízu
29
Celkem bodů
Celkový počet nahraných bodů na tomto kvízu bez doplňovacích otázek.
10.
Pořadí na kvízu
Konečné umístění týmu na tomto kvízu.
Zaznamenané odpovědi
| # | Otázka | Odpověď | Body | Výsledky |
|---|---|---|---|---|
| 1. | Ministerstvo dopravy od března... | 200 Kč | 1 | |
| 2. | Jeden z vystupujících v opeře... | spadly mu kalhoty | 1 | |
| 3. | V sobotu se v Liverpoolu konal... | Vesna | 1 | |
| 4. | Poslední dny se diskutuje o ch... | CBD (též HHC) | 1 | |
| 5. | Český hráč Jakub Klajmon slaví... | volejbal | 1 | |
| 6. | V tomto tématu jsme se probral... | bod: D – v hospodě, půlbod: B – na stadionu | 1 | |
| 7. | Co na člověku prozradí, že ho... | bod: A – zčervená, půlbod: D – má erekci | 1 | |
| 8. | Co udělá vášnivý kuřák, když m... | bod: C – koupí si jiné, půlbod: A – hledá nedopalky | 0 | |
| 9. | Co si berete do postele, když... | bod: C – pes, půlbod: D – dítě | 0 | |
| 10. | Co děláte v práci, když je šéf... | bod: A – normálně pracuji, půlbod: C – nic, flákám se | 0.5 |